Principles of Economics (Record no. 2102)

MARC details
005 - DATE AND TIME OF LATEST TRANSACTION
control field 20250507121825.0
020 ## - INTERNATIONAL STANDARD BOOK NUMBER
International Standard Book Number 0 324-20309-8
082 ## - DEWEY DECIMAL CLASSIFICATION NUMBER
Classification number LECT 330 MAN
100 ## - MAIN ENTRY--PERSONAL NAME
Author name MANKIW, N. G.
245 ## - TITLE STATEMENT
Title Principles of Economics
250 ## - EDITION STATEMENT
Edition statement 3rd Ed.
260 ## - PUBLICATION, DISTRIBUTION, ETC.
Place of publication, distribution, etc. Australia,
Name of publisher, distributor, etc. Thomson South-western,
Date of publication, distribution, etc. 2004.
300 ## - PHYSICAL DESCRIPTION
Extent xxxix, 848p.: ill.; figure, graph, picture, table.
Other physical details Index.
Dimensions 26cm.
856 ## - ELECTRONIC LOCATION AND ACCESS
Link text Access Online Book
Electronic name Principles of Economics
Path http://economics.swlearning.com
942 ## - ADDED ENTRY ELEMENTS (KOHA)
Source of classification or shelving scheme Dewey Decimal Classification
Koha item type Books
Holdings
Date last seen Total checkouts Full call number Barcode Price effective from Koha item type Lost status Source of classification or shelving scheme Damaged status Not for loan Withdrawn status Home library Current library Shelving location Date acquired Cost, normal purchase price Cost, replacement price
06/27/2025   330MAN DOM0002679 06/27/2025 Books   Dewey Decimal Classification       CBE Dodoma CBE Dodoma General Collection 10/27/2005 47000.00 141000.00
06/27/2025   330MAN DOM0004181 06/27/2025 Books   Dewey Decimal Classification       CBE Dodoma CBE Dodoma General Collection 10/27/2005 47000.00 141000.00
06/27/2025   330MAN DOM0004182 06/27/2025 Books   Dewey Decimal Classification       CBE Dodoma CBE Dodoma General Collection 10/27/2005 47000.00 141000.00
06/27/2025   330MAN DOM0004183 06/27/2025 Books   Dewey Decimal Classification       CBE Dodoma CBE Dodoma General Collection 10/27/2005 47000.00 141000.00
05/07/2025   LECT 330 MAN 0000008049 05/07/2025 Books   Dewey Decimal Classification       College of Business Education Main Library College of Business Education Main Library General Collection 10/27/2005 47000.00  
05/07/2025   LECT 330 MAN 0000008050 05/07/2025 Books   Dewey Decimal Classification       College of Business Education Main Library College of Business Education Main Library General Collection 10/27/2005 47000.00